00613cac a2200181 a 4500008004100000020001500041035001200056050002200068100002600090245009800116260003800214300002100252440000800273650002300281650002900304651004600333651005200379040129s1991 mx 000 0 spa u a9688408395 aa434667 0aJL2681 bG37 19911 aGaspar Tapia, Gabriel10aTransición en América Latina :blos casos de Chile y El Salvador /cGabriel Gaspar Tapia. aMéxico :bUAM :bCINAS, c1991. a141 p. ;c21 cm. 0aCSH20aDemocracia zChile40aDemocracia zEl Salvador10aChile xPolítica y gobierno y1973-198830aEl Salvador xPolítica y gobierno y1979-1992